images (140×140)   Dow University of Health Sciences Library Catalogue

Welcome to Dow University of Health Sciences Library Online Public Access Catalog

The handbook of Diabetes Mellitus and Cardiovascular Disease (Record no. 19316)

MARC details
000 -LEADER
fixed length control field 00356nam a2200133Ia 4500
008 - FIXED-LENGTH DATA ELEMENTS--GENERAL INFORMATION
fixed length control field 241014s9999||||xx |||||||||||||| ||und||
020 ## - INTERNATIONAL STANDARD BOOK NUMBER
International Standard Book Number 1-901346-59-5
100 ## - MAIN ENTRY--PERSONAL NAME
Personal name Marso, Steven . P
245 #4 - TITLE STATEMENT
Title The handbook of Diabetes Mellitus and Cardiovascular Disease
260 ## - PUBLICATION, DISTRIBUTION, ETC.
Name of publisher, distributor, etc. Remedica Publishing
300 ## - PHYSICAL DESCRIPTION
Extent 198.00
650 ## - SUBJECT ADDED ENTRY--TOPICAL TERM
Topical term or geographic name entry element Disease
942 ## - ADDED ENTRY ELEMENTS (KOHA)
-- SPH
Koha item type Books

No items available.




©2026, All rights reserved. Dow University of Health Sciences, Karachi, Pakistan.